Oceania Countries - Statistics

General Stats
  • This quiz has been taken 17 times
  • The average score is 13 of 14
Answer Stats
Answer % Correct
Australia
100%
Fed. States of Micronesia
100%
Fiji
100%
Marshall Islands
100%
Papua New Guinea
100%
Tonga
100%
Kiribati
94%
New Zealand
94%
Samoa
94%
Solomon Islands
94%
Tuvalu
94%
Vanuatu
94%
Palau
88%
Nauru
82%
No matching quizzes found
Score Distribution
Percent of People with Each Score
Percentile by Number Answered
Your Score History
You have not taken this quiz